Voyage estimating
Αποθηκεύτηκε σε:
| Κύριος συγγραφέας: | |
|---|---|
| Μορφή: | Βιβλίο |
| Γλώσσα: | English |
| Δημοσίευση: |
London :
Fairplay,
c1981
|
| Έκδοση: | 2nd ed. |
| Σειρά: | Tramp ship series
|
| Θέματα: | |
| Ετικέτες: |
Προσθήκη ετικέτας
Δεν υπάρχουν, Καταχωρήστε ετικέτα πρώτοι!
|
MARC
| LEADER | 00000cam a2200000 i 4500 | ||
|---|---|---|---|
| 001 | 1/37380 | ||
| 008 | 970414s1981 eng d | ||
| 020 | |z 0-90504-08-4 | ||
| 035 | |l 10024665 | ||
| 040 | |a GR-MY-UA |b gre |e aacr | ||
| 041 | 0 | |a eng | |
| 082 | 0 | |a 387.51 | |
| 100 | 1 | |a Packard, William V. | |
| 245 | 1 | 0 | |a Voyage estimating / |c William V. Packard |
| 250 | |a 2nd ed. | ||
| 260 | |a London : |b Fairplay, |c c1981 | ||
| 300 | |a 79 p. | ||
| 490 | 1 | |a Tramp ship series | |
| 650 | 0 | 0 | |a Voyages and travels |x Economic aspects. |
| 830 | 0 | |a Tramp ship series | |
| 852 | |a INST |b CHIOS |e 19981103 |h 387.51 PAC |p 005200004986 |q 005200004986 |t BK |y 0 | ||
| 852 | |a INST |b CHIOS |e 19990111 |h 387.51 PAC |p 005200015125 |q 005200015125 |t BK |y 0 | ||
| 852 | |a INST |b CHIOS |e 19970414 |h 387.51 PAC |p 005200015644 |q 005200015644 |t BK |y 0 | ||
| 852 | |a INST |b CHIOS |e 20010207 |h 387.51 PAC |p 005200016925 |q 005200016925 |t BK |y 0 | ||
| 852 | |a INST |b CHIOS |e 20000321 |h 387.51 PAC |p 005200018546 |q 005200018546 |t BK |y 0 | ||
| 901 | |a BIBL-1998-3 | ||
| 901 | |a BIBL2-2000-1 | ||
| 901 | |a BIBL2-2001-1 | ||
| 909 | |a Χ |b 054815 | ||
| 909 | |a Χ |b 010351 | ||
| 909 | |a X |b 061943 | ||
| 909 | |a Χ |b 075711 | ||
| 909 | |a Χ |b 076268 | ||
| 922 | |a 2ΔΩΡ |b 199809 |c ΤΝΕΥ |d ΜΑΝΤΑΡΑΚΗΣ | ||
| 922 | |a 2ΕΛΗ |b 199901 |c ΤΝΕΥ |d ΠΑΠΑΣΩΤΗΡΙΟΥ | ||